| 000 | 01220naa a22003257a 4500 | ||
|---|---|---|---|
| 001 | BR9400151 | ||
| 003 | BR-BrBNA | ||
| 005 | 20240918181049.0 | ||
| 007 | ta | ||
| 008 | 230509b bl.||||| |||| 00| 0 por d | ||
| 040 |
_aBR-BrBNA _bpor _cBiblioteca Nacional de Agricultura |
||
| 041 | _a(Pt) | ||
| 072 |
_aN20 _b0230 _b4610 |
||
| 090 | _aN20 BR9400151 | ||
| 100 | 1 | _aFurlani Neto, V.L.F. | |
| 100 | 1 | _aMatyis, J.C. | |
| 100 | 1 | _aGeraldi, F.I. | |
| 100 | 1 | _aZanin, C.H. | |
| 111 | 1 |
_a22. Congresso Brasileiro de Engenharia Agricola _cIlheus, BA (Brazil) _d19-23 Jul 1993 |
|
| 245 | 1 | _aPerformance agro-industrial no carregamento da cana-de-acucar (Saccharum spp)com rastelo convencional fixo e rotativo (SC-10) | |
| 260 | 3 |
_aIlheus, BA (Brasil): _c1993. |
|
| 500 | _a22. Congresso Brasileiro de Engenharia Agricola. Anais Ilheus, BA (Brasil): 1993. v. 3 p. 1417-1427 (BR9400151-AM)N20 | ||
| 650 | _aIndustria Agricola | ||
| 650 | _aCana de Acucar | ||
| 650 | _aCorte | ||
| 650 | _aEquipamento Industrial | ||
| 773 | 0 |
_t22. Congresso Brasileiro de Engenharia Agricola. Anais _wN20 BR9400151 _gIlheus, BA (Brasil), 1993. v. 3 p. 1417-1427 |
|
| 909 |
_a202404 _bLucia _c55 _dLucia Elande |
||
| 942 |
_cAM _2AGRIS |
||
| 999 |
_c323440 _d323440 |
||